000 00675nam a2200193 a 4500
005 20210219160250.0
008 081002s2000 mx r 000 0 spa d
035 _aUPN01000161892
049 _aUNE
080 _a341.232 (861) "1993" COO.
245 0 _aCooperación internacioanl: Colombia y la Comunidad Europea.
260 _aBogotá : Ministerio de Educación Nacional; Washington, D.C. : OEA, 1993.
300 _a164 p. ;
690 _aCooperacion internacional- Colombia
690 _aCEE 3. Colombia- Cooperacion internacional
710 2 _aColombia. Ministerio de Educación Nacional
710 2 _aOrganización de los Estados Americanos
905 _aUNESCO
999 _c134005
_d134005